ঢাকা বিশ্ববিদ্যালয় ও পূর্ববঙ্গীয় সমাজ: (Record no. 30906)
[ view plain ]
| 000 -LEADER | |
|---|---|
| fixed length control field | 00986nam a22002057a 4500 |
| 003 - CONTROL NUMBER IDENTIFIER | |
| control field | BDDh-ASL |
| 005 - DATE AND TIME OF LATEST TRANSACTION | |
| control field | 20231015031215.0 |
| 008 - FIXED-LENGTH DATA ELEMENTS--GENERAL INFORMATION | |
| fixed length control field | 220531s1993 b ||||| |||| 00| 0 b d |
| 040 ## - CATALOGING SOURCE | |
| Transcribing agency | BDDh-ASL |
| 041 ## - LANGUAGE CODE | |
| Language code of text/sound track or separate title | bengali |
| 082 ## - DEWEY DECIMAL CLASSIFICATION NUMBER | |
| Classification number | 954.922 |
| Item number | KAD |
| 100 1# - MAIN ENTRY--PERSONAL NAME | |
| Personal name | করিম, সরদার ফজলুল |
| 9 (RLIN) | 652 |
| 245 10 - TITLE STATEMENT | |
| Title | ঢাকা বিশ্ববিদ্যালয় ও পূর্ববঙ্গীয় সমাজ: |
| Remainder of title | অধ্যাপক আবদুর রাজ্জাক-এর আলাপচারিতা / |
| 246 ## - VARYING FORM OF TITLE | |
| Title proper/short title | Dhaka Bishwabidyalay o Purbobangiya Samaj. |
| 260 ## - PUBLICATION, DISTRIBUTION, ETC. | |
| Place of publication, distribution, etc. | ঢাকা: |
| Name of publisher, distributor, etc. | সাতিহ্য প্রকাশ |
| Date of publication, distribution, etc. | ১৯৯৩। |
| 300 ## - PHYSICAL DESCRIPTION | |
| Extent | ১৪৪ পৃষ্ঠা: |
| Dimensions | ২২ সে.মি. |
| 650 #0 - SUBJECT ADDED ENTRY--TOPICAL TERM | |
| 9 (RLIN) | 6217 |
| Topical term or geographic name entry element | History of Dhaka University (ঢাকা বিশ্ববিদ্যালয়ের ইতিহাস) |
| 650 #0 - SUBJECT ADDED ENTRY--TOPICAL TERM | |
| Topical term or geographic name entry element | Social Science (সমাজ বিজ্ঞান) |
| 9 (RLIN) | 5535 |
| 942 ## - ADDED ENTRY ELEMENTS (KOHA) | |
| Source of classification or shelving scheme | Dewey Decimal Classification |
| Koha item type | Books |
| Withdrawn status | Lost status | Source of classification or shelving scheme | Damaged status | Not for loan | Collection code | Home library | Current library | Shelving location | Date acquired | Source of acquisition | Total Checkouts | Full call number | Barcode | Date last seen | Copy number | Price effective from | Koha item type |
|---|---|---|---|---|---|---|---|---|---|---|---|---|---|---|---|---|---|
| Dewey Decimal Classification | Non-fiction | Asiatic Society Library | Asiatic Society Library | Wakil Ahmed Collection | 03/08/2023 | Donated by Prof. Wakil Ahmed | 954.922 KAD | 119464 | 03/08/2023 | C-1 | 03/08/2023 | Books |